Sports and Social Studies - Statistics

General Stats
  • This quiz has been taken 77 times
  • The average score is 7 of 10
Answer Stats
Question Answer % Correct
What language is the following text in [Hudson ist nicht sehr schlau.] German
100%
Who won the chancellorship of Germany in 1933 Hitler
100%
What is the capital of Poland Warsaw.
100%
What was the last time the celtics won the NBA championships 2008
75%
What is the capital of Arkansas Little Rock
75%
What team won the first 3 super bowls Packers
75%
What NFL team won the 2018 Super Bowl Patriots
75%
What language is the following text in [Царь велик!] Russian
75%
What invading force failed to invade Japan due to weather Mongols
50%
Name the language that the following text is in [מוסטער טעקסט] Yiddish
0%
No matching quizzes found
Score Distribution
Percent of People with Each Score
Percentile by Number Answered
Your Score History
You have not taken this quiz